00366pab a2200121 454500008004000000100002100040245009200061260000900153300001300162362000800175650002500183773003600208180718b2000 xxu||||| |||| 00| 0 eng d aHarlos, Karen P. aToward a spiritual pedagogy: meaning, practice and applications in management education c2000 ap.612-27 aOct aManagement education aJournal of Management Education